[Event "Mexican op 69th"]
[Site "Mexico City"]
[Date "2024.03.29"]
[Round "5"]
[White "Hernandez Guerrero, Gilberto Eduardo"]
[Black "Tapie Amione, Pablo Adib"]
[Result "1/2-1/2"]
[WhiteElo "2507"]
[BlackElo "2177"]
[PlyCount "57"]
[EventDate "2024.03.26"]
[EventType "swiss"]
[EventRounds "9"]
[EventCountry "MEX"]
[SourceTitle "CB14_2024"]
[SourceDate "2024.04.01"]
[SourceVersion "1"]
[SourceVersionDate "2024.04.01"]
[SourceQuality "1"]

1. e4 c5 2. Nc3 e6 3. Nf3 Nc6 4. d4 cxd4 5. Nxd4 Nf6 6. Ndb5 Bc5 7. Bf4 0-0 8. Bc7 Qe7 9. Bd6 Bxd6 10. Qxd6 Qd8 11. 0-0-0 a6 12. Nd4 Ne7 13. Bc4 Ne8 14. Qg3 d6 15. Bb3 b5 16. a3 Rb8 17. f4 b4 18. axb4 Rxb4 19. Rd3 a5 20. Rhd1 Ba6 21. R3d2 Qa8 22. Qg5 a4 23. Qxe7 axb3 24. cxb3 Rb7 25. Qh4 Rc7 26. e5 Bb7 27. Nc2 Bd5 28. b4 f6 29. Qg3 1/2-1/2

[Event "Iberoamerican-ch 9th"]
[Site "Panama City"]
[Date "2023.11.29"]
[Round "6"]
[White "Hernandez Guerrero, Gilberto Eduardo"]
[Black "Henriquez Villagra, Cristobal"]
[Result "1/2-1/2"]
[WhiteElo "2527"]
[BlackElo "2630"]
[PlyCount "36"]
[EventDate "2023.11.25"]
[EventType "swiss"]
[EventRounds "9"]
[EventCountry "PAN"]
[SourceTitle "CB49_2023"]
[SourceDate "2023.12.06"]
[SourceVersion "1"]
[SourceVersionDate "2023.12.06"]
[SourceQuality "1"]

1. e4 c5 2. Nc3 Nc6 3. Nf3 e6 4. d4 cxd4 5. Nxd4 Qc7 6. f4 a6 7. Nxc6 Qxc6 8. Bd3 b5 9. Qe2 Bb7 10. Bd2 Bc5 11. a3 Ne7 12. 0-0-0 0-0 13. Rhf1 b4 14. axb4 Bxb4 15. f5 exf5 16. exf5 Bxc3 17. Bxc3 Nd5 18. Bd2 Qa4 1/2-1/2

[Event "MEX-ch"]
[Site "Mexico City"]
[Date "2023.11.11"]
[Round "7"]
[White "Hernandez Guerrero, Gilberto Eduardo"]
[Black "Benitez Lozano, Javier"]
[Result "1/2-1/2"]
[WhiteElo "2527"]
[BlackElo "2282"]
[PlyCount "99"]
[EventDate "2023.11.07"]
[EventType "swiss"]
[EventRounds "9"]
[EventCountry "MEX"]
[SourceTitle "CB46_2023"]
[SourceDate "2023.11.15"]
[SourceVersion "1"]
[SourceVersionDate "2023.11.15"]
[SourceQuality "1"]

1. e4 e5 2. Nf3 Nc6 3. Bb5 a6 4. Ba4 Nf6 5. Nc3 b5 6. Bb3 Bc5 7. Nd5 d6 8. c3 h6 9. 0-0 0-0 10. d4 Ba7 11. a4 Bd7 12. Re1 exd4 13. axb5 axb5 14. cxd4 Nxd5 15. Bxd5 Bb6 16. Rxa8 Qxa8 17. Be3 Qd8 18. Bxc6 Bxc6 19. d5 Bxe3 20. Rxe3 Bd7 21. Nd4 Qf6 22. Rc3 Ra8 23. f3 Ra4 24. Ne2 Rc4 25. Rxc4 bxc4 26. Qd4 Qg5 27. g3 Bb5 28. Kf2 Kh7 29. h4 Qd8 30. Nc3 Qb8 31. g4 Bd7 32. Nd1 Qb3 33. Ne3 Qa2 34. Nxc4 Qb1 35. h5 Qh1 36. Qd2 Qh2+ 37. Ke3 Qg1+ 38. Kf4 g5+ 39. hxg6+ fxg6 40. e5 g5+ 41. Ke4 Be8 42. Kd3 Bg6+ 43. Kc3 dxe5 44. Nxe5 Qc5+ 45. Nc4 Bf7 46. Qd3+ Kg8 47. b4 Qxd5 48. Qxd5 Bxd5 49. Ne5 Bb7 50. Kd4 1/2-1/2

[Event "Caribean-chT 24th"]
[Site "San Salvador"]
[Date "2023.07.06"]
[Round "8.1"]
[White "Albornoz Cabrera, Carlos Daniel"]
[Black "Hernandez Guerrero, Gilberto Eduardo"]
[Result "1-0"]
[WhiteElo "2526"]
[BlackElo "2526"]
[PlyCount "95"]
[EventDate "2023.07.06"]
[EventType "tourn"]
[EventRounds "15"]
[EventCountry "ESA"]
[SourceTitle "CBM 215 Extra"]
[Source "ChessBase"]
[SourceDate "2023.09.30"]
[SourceVersion "1"]
[SourceVersionDate "2023.09.30"]
[SourceQuality "1"]
[WhiteTeam "Cuba"]
[BlackTeam "Mexico"]
[WhiteTeamCountry "CUB"]
[BlackTeamCountry "MEX"]

1. e4 d6 2. d4 Nf6 3. Nc3 Nbd7 4. f4 e5 5. Nf3 exd4 6. Qxd4 c6 7. Be3 d5 8. e5 Ng4 9. Bg1 Qb6 10. Qd2 Qxb2 11. Rb1 Qa3 12. h3 Nh6 13. Bf2 Bb4 14. Rb3 Qa5 15. a3 Bxa3 16. Nxd5 Qxd2+ 17. Kxd2 cxd5 18. Rxa3 b6 19. g4 Bb7 20. Nd4 Nc5 21. Bb5+ Ke7 22. Nc6+ Kf8 23. Bxc5+ bxc5 24. Rha1 g6 25. Rxa7 Kg7 26. R1a4 Rxa7 27. Rxa7 Bxc6 28. Bxc6 Rd8 29. Ra5 Ng8 30. Rxc5 Ne7 31. Bb7 h5 32. Rc7 hxg4 33. hxg4 Ng8 34. e6 Kf6 35. exf7 Ne7 36. Ke3 Kxf7 37. Kd4 Ke6 38. Rc3 Rh8 39. Bxd5+ Kd6 40. Be4 Rh4 41. Rg3 Rh2 42. c4 Rd2+ 43. Rd3 Rxd3+ 44. Bxd3 Nc6+ 45. Ke3 Ne7 46. g5 Kc5 47. Ke4 Nc8 48. Bf1 1-0

[Event "Caribean-chT 24th"]
[Site "San Salvador"]
[Date "2023.07.06"]
[Round "9.1"]
[White "Hernandez Guerrero, Gilberto Eduardo"]
[Black "Araujo Sanchez, Josue"]
[Result "1-0"]
[WhiteElo "2526"]
[BlackElo "2403"]
[PlyCount "61"]
[EventDate "2023.07.06"]
[EventType "tourn"]
[EventRounds "15"]
[EventCountry "ESA"]
[SourceTitle "CBM 215 Extra"]
[Source "ChessBase"]
[SourceDate "2023.09.30"]
[SourceVersion "1"]
[SourceVersionDate "2023.09.30"]
[SourceQuality "1"]
[WhiteTeam "Mexico"]
[BlackTeam "Dominican Republic"]
[WhiteTeamCountry "MEX"]
[BlackTeamCountry "DOM"]

1. e4 c6 2. d4 g6 3. Nf3 Bg7 4. Nc3 d5 5. h3 dxe4 6. Nxe4 Nf6 7. Bd3 Nbd7 8. c3 0-0 9. 0-0 Nxe4 10. Bxe4 c5 11. Re1 cxd4 12. Nxd4 Nc5 13. Bf3 e5 14. Nb3 Nd3 15. Rf1 Nxc1 16. Qxd8 Rxd8 17. Raxc1 Be6 18. Rfd1 Rab8 19. Rxd8+ Rxd8 20. Bxb7 Bf8 21. c4 Kg7 22. Kf1 f5 23. Ke2 Kf6 24. c5 Bh6 25. Rc2 e4 26. c6 Bc8 27. Nc5 Bf4 28. b4 Be5 29. b5 Bc7 30. a4 Bb6 31. Bxc8 1-0

[Event "Caribean-chT 24th"]
[Site "San Salvador"]
[Date "2023.07.06"]
[Round "12.1"]
[White "Johnson, Joshua"]
[Black "Hernandez Guerrero, Gilberto Eduardo"]
[Result "0-1"]
[WhiteElo "2271"]
[BlackElo "2526"]
[PlyCount "74"]
[EventDate "2023.07.06"]
[EventType "tourn"]
[EventRounds "15"]
[EventCountry "ESA"]
[SourceTitle "CBM 215 Extra"]
[Source "ChessBase"]
[SourceDate "2023.09.30"]
[SourceVersion "1"]
[SourceVersionDate "2023.09.30"]
[SourceQuality "1"]
[WhiteTeam "Trinidad and Tobago"]
[BlackTeam "Mexico"]
[WhiteTeamCountry "TRI"]
[BlackTeamCountry "MEX"]

1. e4 d6 2. d4 Nf6 3. Nc3 Nbd7 4. Nf3 e5 5. Bc4 Be7 6. 0-0 0-0 7. a4 c6 8. Re1 a5 9. h3 exd4 10. Qxd4 Nc5 11. Bf4 Ne6 12. Bxe6 Bxe6 13. Rad1 Ne8 14. g4 Qc8 15. Bg3 h5 16. gxh5 Bxh3 17. e5 d5 18. Nh2 Qf5 19. Rd3 Qxh5 20. Bf4 Nc7 21. Qb6 Ne6 22. Bd2 Rab8 23. Rg3 Bf5 24. Qxa5 Bxc2 25. Ne2 Ra8 26. Qc3 Be4 27. b3 Qf5 28. Ng4 Bg5 29. Bxg5 Nxg5 30. Nd4 Qh7 31. f3 Bf5 32. Qe3 Qh4 33. Nh2 Nh3+ 34. Kg2 Nf4+ 35. Kf2 Nh5 36. Nf1 Nxg3 37. Nxg3 Qh2+ 0-1

[Event "Caribean-chT Rapid 24th"]
[Site "San Salvador"]
[Date "2023.07.04"]
[Round "7.1"]
[White "Johnson, Joshua"]
[Black "Hernandez Guerrero, Gilberto Eduardo"]
[Result "1/2-1/2"]
[WhiteElo "2207"]
[BlackElo "2527"]
[PlyCount "122"]
[EventDate "2023.07.03"]
[EventType "tourn (rapid)"]
[EventRounds "15"]
[EventCountry "ESA"]
[SourceTitle "CBM 215 Extra"]
[Source "ChessBase"]
[SourceDate "2023.09.30"]
[SourceVersion "1"]
[SourceVersionDate "2023.09.30"]
[SourceQuality "1"]
[WhiteTeam "Trinidad and Tobago"]
[BlackTeam "Mexico"]
[WhiteTeamCountry "TRI"]
[BlackTeamCountry "MEX"]

1. e4 c5 2. Nf3 Nc6 3. Bb5 e6 4. 0-0 Nge7 5. d4 cxd4 6. Nxd4 Qc7 7. Be3 Nxd4 8. Qxd4 Nc6 9. Qc3 a6 10. Bd3 b5 11. a3 Bb7 12. Nd2 Rc8 13. Nf3 f6 14. Qd2 Be7 15. a4 b4 16. Qe2 a5 17. Rad1 0-0 18. Bb5 Rfd8 19. Rd2 Ne5 20. Nxe5 fxe5 21. Qg4 Bc6 22. Rfd1 Bf6 23. h4 Qb7 24. Bg5 Bxg5 25. Qxg5 Bxb5 26. axb5 Qxb5 27. Rd3 h6 28. Qg6 Kh8 29. Rf3 Rf8 30. Rf7 Rxf7 31. Qxf7 Qe2 32. Rxd7 Rg8 33. Qxe6 Qxe4 34. Rd3 Qe1+ 35. Kh2 Qxf2 36. Qxe5 Rf8 37. Rg3 Qf6 38. Qxa5 Qxh4+ 39. Rh3 Qf4+ 40. Rg3 Qh4+ 41. Rh3 Qd4 42. c3 Qd6+ 43. Rg3 Rf4 44. Qh5 b3 45. Kh3 Rf1 46. Qe8+ Rf8 47. Qe4 Qd1 48. Kh2 Qc2 49. Qe5 Rf6 50. c4 Qxc4 51. Qb8+ Kh7 52. Qxb3 Qh4+ 53. Rh3 Qf4+ 54. Qg3 g5 55. Qxf4 Rxf4 56. Rc3 Rb4 57. b3 h5 58. Rc7+ Kg6 59. Rc6+ Kf5 60. Rc5+ Kf6 61. Rc6+ Kf5 1/2-1/2

[Event "Mendoza Bermejo Memorial"]
[Site "Mendoza"]
[Date "2023.05.19"]
[Round "3"]
[White "Hernandez Guerrero, Gilberto Eduardo"]
[Black "Navarrete Sandoval, Francisco Javier"]
[Result "1-0"]
[WhiteElo "2533"]
[BlackElo "2115"]
[PlyCount "47"]
[EventDate "2023.05.18"]
[EventType "swiss"]
[EventRounds "7"]
[EventCountry "ARG"]
[SourceTitle "CBM 214 Extra"]
[Source "ChessBase"]
[SourceDate "2023.07.31"]
[SourceVersion "1"]
[SourceVersionDate "2023.07.31"]
[SourceQuality "1"]

1. e4 e5 2. Nf3 Nc6 3. Bb5 a6 4. Ba4 Nf6 5. d3 b5 6. Bb3 Bc5 7. Nc3 d6 8. Nd5 h6 9. c3 Rb8 10. 0-0 Ba7 11. Be3 Bxe3 12. fxe3 0-0 13. Nxf6+ gxf6 14. Nh4 f5 15. Nxf5 Bxf5 16. Rxf5 Ne7 17. Qg4+ Kh7 18. Rxf7+ Rxf7 19. Bxf7 Qf8 20. Rf1 Qg7 21. Qe6 Nc6 22. Bg6+ Kh8 23. Rf7 Nd8 24. Qe8+ 1-0

[Event "Mendoza Bermejo Memorial"]
[Site "Mendoza"]
[Date "2023.05.19"]
[Round "2"]
[White "Ruiz, Juan Ignacio"]
[Black "Hernandez Guerrero, Gilberto Eduardo"]
[Result "0-1"]
[WhiteElo "1946"]
[BlackElo "2533"]
[PlyCount "90"]
[EventDate "2023.05.18"]
[EventType "swiss"]
[EventRounds "7"]
[EventCountry "ARG"]
[SourceTitle "CBM 214 Extra"]
[Source "ChessBase"]
[SourceDate "2023.07.31"]
[SourceVersion "1"]
[SourceVersionDate "2023.07.31"]
[SourceQuality "1"]

1. d4 Nf6 2. c4 e6 3. Bf4 b6 4. e3 Bb7 5. a3 d5 6. Nf3 Bd6 7. Ne5 0-0 8. Nc3 c5 9. Nb5 Be7 10. dxc5 bxc5 11. Nc3 Nc6 12. Be2 Qb6 13. 0-0 Rfd8 14. Qc2 Rac8 15. Rfd1 Ba8 16. Rd2 d4 17. Na4 Qa5 18. Nd3 dxe3 19. Bxe3 Nd4 20. Bxd4 cxd4 21. b4 Qg5 22. Ne1 e5 23. Rad1 h5 24. Nf3 Qf4 25. g3 Qe4 26. Nb2 Qxc2 27. Rxc2 d3 28. Nxd3 e4 29. Nfe1 exd3 30. Nxd3 Bc6 31. Rdc1 Ba4 32. Rb2 Ne4 33. Nf4 Bf6 34. Rbb1 Nd2 35. Nd5 Nxb1 36. Rxb1 Bc6 37. Nxf6+ gxf6 38. Bxh5 Rd3 39. b5 Be4 40. Re1 Bg6 41. Bg4 Rxc4 42. Re8+ Kg7 43. Be2 Rc1+ 44. Kg2 Rxa3 45. Re7 Rc2 0-1

[Event "Central America-ch 24th"]
[Site "San Salvador"]
[Date "2023.01.21"]
[Round "6"]
[White "Hernandez Guerrero, Gilberto Eduardo"]
[Black "Albornoz Cabrera, Carlos Daniel"]
[Result "1/2-1/2"]
[WhiteElo "2536"]
[BlackElo "2576"]
[PlyCount "29"]
[EventDate "2023.01.21"]
[EventType "swiss"]
[EventRounds "11"]
[EventCountry "ESA"]
[SourceTitle "CBM 212 Extra"]
[Source "ChessBase"]
[SourceDate "2023.03.31"]
[SourceVersion "1"]
[SourceVersionDate "2023.03.31"]
[SourceQuality "1"]

1. e4 c5 2. Nf3 d6 3. Bb5+ Nd7 4. a4 Ngf6 5. d3 g6 6. 0-0 Bg7 7. a5 0-0 8. a6 bxa6 9. Bxa6 Bxa6 10. Rxa6 Qc8 11. Ra3 a5 12. Nc3 Nb6 13. h3 Qc6 14. Bg5 a4 15. Qd2 1/2-1/2